| 000 | 00631nam a2200217 a 4500 | ||
|---|---|---|---|
| 005 | 20241129063743.0 | ||
| 008 | 031110s2001 mx r 000 0 spa d | ||
| 020 | _a9701869087 | ||
| 035 | _aUPN01000130828 | ||
| 049 | _aI | ||
| 050 | 4 |
_aPN6110 A7 _bD3.3 |
|
| 100 | 1 | 0 | _aD´aquino, Alfonso |
| 245 | 1 | 0 |
_aFauna mayor / _cAlfonso, D´aquino ; il. Serena Riglietti. |
| 260 |
_aMéxico : _bCIDCLI : _bCONACULTA, _c2001. |
||
| 300 |
_a23 p. : _bil., col. |
||
| 440 | 0 | _aReloj de versos | |
| 650 | 4 |
_aPoesía infantil mexicana _91260 |
|
| 650 | 2 |
_aLibros ilustrados _99170 |
|
| 700 | 1 |
_aRiglietti, Serena, _eil. |
|
| 905 | _aInfantil | ||
| 999 |
_c102985 _d102985 |
||